[Event "GER-ch blitz"]
[Site "Magdeburg"]
[Date "2022.08.21"]
[Round "11"]
[White "Bethke, Richard"]
[Black "Dubansky, Marcel"]
[Result "1-0"]
[WhiteElo "2381"]
[BlackElo "2225"]
[PlyCount "146"]
[EventDate "2022.08.21"]
[EventType "tourn (blitz)"]
[EventRounds "29"]
[EventCountry "GER"]
[EventCategory "5"]
[SourceTitle "CBM 210 Extra"]
[Source "ChessBase"]
[SourceDate "2022.11.30"]
[SourceVersion "1"]
[SourceVersionDate "2022.11.30"]
[SourceQuality "1"]

1. e4 e5 2. Nf3 Nc6 3. Bc4 Bc5 4. 0-0 Nf6 5. d3 d6 6. c3 a5 7. Re1 0-0 8. h3 Be6 9. Bb5 Ne7 10. d4 exd4 11. cxd4 Bb4 12. Nc3 c6 13. Bd3 Ng6 14. a3 Bxc3 15. bxc3 h6 16. a4 Re8 17. Ba3 Nf4 18. Bf1 d5 19. Bc1 dxe4 20. Bxf4 exf3 21. Qxf3 Bd5 22. Qd3 Be4 23. Qd2 Nd5 24. Be5 Bg6 25. Rad1 Qd7 26. Bg3 Nf6 27. Qb2 Ne4 28. Be5 f6 29. Bf4 Qf5 30. g3 Bh5 31. Rb1 Bf7 32. Bd3 Bd5 33. c4 g5 34. Be3 Qxh3 35. Bf1 Qg4 36. cxd5 Nxg3 37. fxg3 Qxg3+ 38. Qg2 Rxe3 39. dxc6 bxc6 40. Qxg3 Rxg3+ 41. Kf2 Ra3 42. Re7 Rxa4 43. Ke3 Kf8 44. Rbb7 Re8 45. Rxe8+ Kxe8 46. Bg2 Rc4 47. Kd3 Rc1 48. Rc7 a4 49. Bxc6+ Kd8 50. Rd7+ Kc8 51. Bxa4 Ra1 52. Ra7 Kb8 53. Ra5 h5 54. Rb5+ Kc7 55. Rb4 h4 56. Rc4+ Kd6 57. Rc6+ Ke7 58. Rc7+ Kd6 59. Rc6+ Kd5 60. Rc5+ Kd6 61. Rc6+ Kd5 62. Ra6 Ra3+ 63. Ke2 Kxd4 64. Ra8 Ke5 65. Ra5+ Kf4 66. Ra6 f5 67. Kf2 g4 68. Bb5 Rxa6 69. Bxa6 h3 70. Bc8 g3+ 71. Kg1 Kg5 72. Bd7 Kg4 73. Bc8 h2+ 1-0

[Event "GER-ch blitz"]
[Site "Magdeburg"]
[Date "2022.08.21"]
[Round "27"]
[White "Dubansky, Marcel"]
[Black "Walter, Andreas"]
[Result "0-1"]
[WhiteElo "2225"]
[BlackElo "2241"]
[PlyCount "106"]
[EventDate "2022.08.21"]
[EventType "tourn (blitz)"]
[EventRounds "29"]
[EventCountry "GER"]
[EventCategory "5"]
[SourceTitle "CBM 210 Extra"]
[Source "ChessBase"]
[SourceDate "2022.11.30"]
[SourceVersion "1"]
[SourceVersionDate "2022.11.30"]
[SourceQuality "1"]

1. e4 e5 2. Nf3 Nc6 3. Bb5 Nf6 4. d3 Bc5 5. 0-0 Nd4 6. Nxd4 Bxd4 7. c3 Bb6 8. Kh1 c6 9. Ba4 d6 10. Be3 Bxe3 11. fxe3 0-0 12. Qf3 d5 13. Nd2 dxe4 14. Nxe4 Nxe4 15. Qxe4 Qd5 16. Qxd5 cxd5 17. Bb3 Be6 18. g3 Rfd8 19. Kg2 Kf8 20. Rf2 Ke7 21. Raf1 f6 22. Re1 a5 23. a4 Rab8 24. Ra1 g5 25. Bd1 Rh8 26. Bh5 f5 27. Be2 h5 28. Re1 Rh6 29. d4 e4 30. Rh1 h4 31. Rff1 Rbh8 32. Rc1 f4 33. exf4 gxf4 34. gxf4 Rf8 35. Kf2 Rxf4+ 36. Ke3 Rff6 37. c4 Rhg6 38. cxd5 Bxd5 39. Rc5 Kd6 40. Rxa5 Rg2 41. Rf1 Rxf1 42. Bxf1 Rxh2 43. b4 Rb2 44. Rb5 h3 45. Rb6+ Kc7 46. a5 Bc6 47. d5 h2 48. dxc6 h1Q 49. cxb7 Qf3+ 50. Kd4 Rd2+ 51. Kc5 Qf2+ 52. Kb5 Qxf1+ 53. Ka4 Ra2+ 0-1

[Event "DSOL 05 Liga Gr-A 1st"]
[Site "Playchess.com INT"]
[Date "2020.08.14"]
[Round "2.1"]
[White "Koller, Reinhard"]
[Black "Dubansky, Marcel"]
[Result "1-0"]
[WhiteElo "2050"]
[BlackElo "1857"]
[PlyCount "29"]
[EventDate "2020.06.22"]
[EventType "team-tourn (rapid)"]
[EventCountry "GER"]
[SourceTitle "EXT 2021"]
[Source "ChessBase"]
[SourceDate "2020.10.23"]
[SourceVersion "1"]
[SourceVersionDate "2020.10.23"]
[SourceQuality "1"]
[WhiteTeam "Burglengenfeld"]
[BlackTeam "Illingen"]
[WhiteTeamCountry "GER"]
[BlackTeamCountry "GER"]

1. d4 Nf6 2. Bf4 d5 3. e3 e6 4. Nd2 c5 5. c3 Nc6 6. Ngf3 Bd6 7. Bg3 0-0 8. Bd3 Re8 9. Ne5 Qc7 10. Ndf3 Nd7 11. Bxh7+ Kxh7 12. Ng5+ Kg8 13. Nexf7 Bxg3 14. hxg3 Nf6 15. Rh8# 1-0